| 000 | 00460cam a2200181ua 4500 | ||
|---|---|---|---|
| 001 | 10575 | ||
| 008 | 190319n ii |||gr||||Z||||||eng | ||
| 020 | _a8183700543 | ||
| 040 | _cMAIN | ||
| 082 | _a330.95416 | ||
| 100 |
_aJalad Baran Ganguly, _eAuthor. |
||
| 245 | _aAn economic history of north east india 1826-1947 | ||
| 250 | _a1st ed. | ||
| 260 |
_aNew Delhi: _bAkansha publishing house, _c2006. |
||
| 300 | _a506p. | ||
| 653 | _aEconomics | ||
| 942 | _cBK | ||
| 999 |
_c9548 _d9548 |
||